L'art (notice n° 1925370)
[ vue normale ]
| 000 -LEADER | |
|---|---|
| fixed length control field | 00985cam a2200133 4500500 |
| 005 - DATE AND TIME OF LATEST TRANSACTION | |
| control field | 20260329023206.0 |
| 041 ## - LANGUAGE CODE | |
| Language code of text/sound track or separate title | fre |
| 042 ## - AUTHENTICATION CODE | |
| Authentication code | dc |
| 100 10 - MAIN ENTRY--PERSONAL NAME | |
| Personal name | Farago, France |
| Relator term | author |
| 245 00 - TITLE STATEMENT | |
| Title | L'art |
| 260 ## - PUBLICATION, DISTRIBUTION, ETC. | |
| Name of publisher, distributor, etc. | Armand Colin,<br/> |
| Date of publication, distribution, etc. | 2011.<br/> |
| 520 ## - SUMMARY, ETC. | |
| Summary, etc. | 1. La représentation et l’apparence2. La pensée de l’art dans l’Antiquité : une esthétique de l’imitation3. Plotin et le Bas-Empire : la mystique guidant l’esthétique4. L’art et l’image au Moyen Âge5. L’ordre plastique de la Renaissance6. L’espace baroque : perspective sur l’infini au XVIIe siècle7. Kant et le jugement de goût8. L’esthétique idéaliste : Schelling et Hegel9. La crise de la représentation : Paul Klee (1879-1940)10. Le sacrifice de la forme11. Tarkovsky ou l’icône du cinématographe12. L’art contemporain ou les exercices du regard13. L’ontologie du visible de Merleau-Ponty |
| 856 41 - ELECTRONIC LOCATION AND ACCESS | |
| Uniform Resource Identifier | <a href="https://shs.cairn.info/l-art--9782200270063?lang=fr&redirect-ssocas=7080">https://shs.cairn.info/l-art--9782200270063?lang=fr&redirect-ssocas=7080</a> |
Pas d'exemplaire disponible.




Réseaux sociaux